000 00236nam a2200097Ia 4500
001 1211188
005 20250827024432.0
008 250824s9999 xx 000 0 und d
245 0 _aSABAH UYKUM
_cAHMET BATMAN
260 _bDESTEK YAYINLARI
999 _c1211188
_d1211188